Претензионная работа по топливу для предприятий энергетики; Теплофизические основы энергетических технологий

Chi tiết về thư mục
Parent link:Теплофизические основы энергетических технологий.— 2014.— [С. 355-358]
Tác giả chính: Тайлашева Т. С. Татьяна Сергеевна
Tác giả của công ty: Национальный исследовательский Томский политехнический университет (ТПУ) Энергетический институт (ЭНИН) Кафедра парогенераторостроения и парогенераторных установок (ПГС и ПГУ)
Tác giả khác: Воронцова Е. С. Елена Сергеевна
Tóm tắt:Заглавие с экрана
Ngôn ngữ:Tiếng Nga
Được phát hành: 2014
Những chủ đề:
Truy cập trực tuyến:http://earchive.tpu.ru/handle/11683/23343
http://www.lib.tpu.ru/fulltext/c/2014/C02/071.pdf
Định dạng: MixedMaterials Điện tử Chương của sách
KOHA link:https://koha.lib.tpu.ru/cgi-bin/koha/opac-detail.pl?biblionumber=613864

MARC

LEADER 00000naa2a2200000 4500
001 613864
005 20240201114005.0
035 |a (RuTPU)RU\TPU\conf\12022 
035 |a RU\TPU\conf\12021 
090 |a 613864 
100 |a 20150902d2014 k y0rusy50 ca 
101 0 |a rus 
102 |a RU 
105 |a y z 100zy 
135 |a drgn ---uucaa 
181 0 |a i  
182 0 |a b 
200 1 |a Претензионная работа по топливу для предприятий энергетики  |f Т. С. Тайлашева, Е. С. Воронцова 
203 |a Текст  |c электронный 
215 |a 1 файл (421 Кб) 
300 |a Заглавие с экрана 
320 |a [Библиогр.: с. 358 (3 назв.)] 
337 |a Adobe Reader 
463 1 |0 (RuTPU)RU\TPU\conf\11903  |t Теплофизические основы энергетических технологий  |o сборник статей V Всероссийской научной конференции с международным участием, 15-17 октября 2014 г., г. Томск  |f Национальный исследовательский Томский политехнический университет (ТПУ), Энергетический институт (ЭНИН) ; под ред. Г. В. Кузнецова [и др.]  |v [С. 355-358]  |d 2014 
610 1 |a электронный ресурс 
610 1 |a труды учёных ТПУ 
610 1 |a топливо 
610 1 |a энергетика 
610 1 |a энергетическое топливо 
610 1 |a нормативно-технические документы 
700 1 |a Тайлашева  |b Т. С.  |c специалист в области теплотехники  |c доцент Томского политехнического университета, кандидат технических наук  |f 1975-  |g Татьяна Сергеевна  |3 (RuTPU)RU\TPU\pers\25688  |9 11599 
701 1 |a Воронцова  |b Е. С.  |c специалист в области теплоэнергетики  |c инженер Томского политехнического университета  |f 1990-  |g Елена Сергеевна  |3 (RuTPU)RU\TPU\pers\32871  |9 16719 
712 0 2 |a Национальный исследовательский Томский политехнический университет (ТПУ)  |b Энергетический институт (ЭНИН)  |b Кафедра парогенераторостроения и парогенераторных установок (ПГС и ПГУ)  |3 (RuTPU)RU\TPU\col\18681 
801 1 |a RU  |b 63413507  |c 20101016 
801 2 |a RU  |b 63413507  |c 20210317  |g RCR 
856 4 |u http://earchive.tpu.ru/handle/11683/23343 
856 4 |u http://www.lib.tpu.ru/fulltext/c/2014/C02/071.pdf 
942 |c BK